000 00274nam a22001217a 4500
008 170623b xxu||||| |||| 00| 0 eng d
041 _aeng
080 _a32
100 _a21
101 _aSHP
245 _aDEMOCRACY PARTY THEPICTORIAL HISTORY
_cFRANKB
942 _2udc
_cBK
999 _c18984
_d18984